O princp̕io da vedaȯ̂ do retrocesso na previdn̊cia social

Detalles Bibliográficos
Autor principal: Novaes Martinez, Wladimir
Formato: eBook
Lenguaje:portugués
Publicado: San Pablo: LTR, 2018
Materias:
Acceso en línea:Acceso restringido

MARC

LEADER 00000nam a22000007a 4500
005 20181102224142.0
007 cr|||| ||||
008 181102s2018 br |||||s|||| 00||0 por d
020 |a 978-85-361-9728-9 
035 |a 22334 
040 |a vLex 
090 |c 8279  |d 8279 
100 1 |a Novaes Martinez, Wladimir 
245 1 0 |a O princp̕io da vedaȯ̂ do retrocesso na previdn̊cia social  |h [Recurso electrn̤ico] /  |c Wladimir Novaes Martinez 
256 |a Servicio en ln̕ea 
260 |a San Pablo:  |b LTR,  |c 2018 
300 |a 1 recurso electrn̤ico 
500 |a Nas palavras do Doutrinador Wladimir Novaes Martinez: “Princp̕ios sô fari̤s norteadores do direito”, assim, o Princp̕io da Proibiȯ̂ do Retrocesso Social ilumina os caminhos para a efetivaȯ̂ do direito, de forma a garantir a paz social, bem como o equilb̕rio econm̥ico de uma Naȯ̂. A presente obra, construd̕a por renomados profissionais atuantes nos diversos segmentos propulsores do direito, abarca o tema proibiȯ̂ do retrocesso social na sua origem e construȯ̂ doutrinr̀ia e jurisprudencial em anl̀ises com vistas no Direito Previdencir̀io constituindo ampla fonte de pesquisa para o desenvolvimento de estudos cientf̕icos e para a prt̀ica na defesa dos direitos fundamentais ̉dignidade da pessoa humana garantidos na Constituiȯ̂ Federal Cidad ̂vigente, servindo a estudantes de direito, advogados e servidores pb︢licos nas suas diversas funė̳s (Tčnicos, Promotores, Procuradores, Magistrados). 
506 1 |a Disponible solo en los productos indicados  |d vLex Global  |d vLex Global (Academic Edition, excluding Law Schools)  |d vLex Global (U.S. Academic Edition, Law Schools)  |d vLex Global (U.S. Academic Edition, excluding Law Schools)  |d vLex Global (Academic Edition, Law Schools) 
650 0 4 |a Seguridad Social  |z Brasil 
740 0 |a vLex Libros (Servicio en ln̕ea) 
856 4 0 |u http://vlex.com/source/principio-da-veda-o-do-retrocesso-na-previd-ncia-social-22334  |z Acceso restringido 
942 |c BOOK 
999 0 |a Social Security